000 01193nam a22002657a 4500
001 9538
003 FISKH
005 20260120114410.0
008 260120b cb ||||| |||| 00| 0 eng d
020 _a9780486293547
040 _aFISKH
_beng
_cFISKH
_dFISKH
050 _a PZ7.S8482 K
082 _a823.8
100 _aStevenson , Robert Louis
245 _aKidnapped :
_bIn Easy-to-Read Type /
_cBy Robert Louis Stevenson : Adapted by Bob Blaisdell : Illustrated by Thea Kliros
260 _aNew York :
_bDover Publications , Inc ,
_c1996 .
300 _a90 pages :
_billustrations ;
_c21 cm .
490 _a Dover Children's Thrift Classics
520 _aIn a tale of high adventure and gripping drama, young David Balfour struggles to regain his rightful inheritance after being kidnapped, sent to sea, and shipwrecked. The story of his harrowing experiences and dangerous relationship with a Scottish rebel who has a price on his head has thrilled countless readers. Abridged.
650 _aScotland-History-18th century
_vJuvenile Literature
650 _aAdventure and adventures
_vFiction
700 _aKliros , Thea
_eIllustrator
942 _2ddc
_cBK
_n0
999 _c9538
_d9538